Consensos y conflictos en la política tributaria de América Latina / (Registro nro. 4249)
[ vista simple ]
| 000 -LEADER | |
|---|---|
| fixed length control field | 01614nam a2200301Ia 4500 |
| 003 - CONTROL NUMBER IDENTIFIER | |
| control field | OSt |
| 005 - DATE AND TIME OF LATEST TRANSACTION | |
| control field | 20200702154921.0 |
| 008 - FIXED-LENGTH DATA ELEMENTS--GENERAL INFORMATION | |
| fixed length control field | 191128s2017 ck fr 000 0 spa d |
| 020 ## - INTERNATIONAL STANDARD BOOK NUMBER | |
| International Standard Book Number | 9789211219470 |
| 040 ## - CATALOGING SOURCE | |
| Original cataloging agency | CO-JCMR |
| Transcribing agency | CO-JCMR |
| 041 0# - LANGUAGE CODE | |
| Language code of text/sound track or separate title | spa |
| 082 04 - DEWEY DECIMAL CLASSIFICATION NUMBER | |
| Classification number | 336.20 / |
| Item number | G633c |
| Edition number | 23 |
| 100 1# - MAIN ENTRY--PERSONAL NAME | |
| Personal name | Gómez Sabaini, Juan Carlos, |
| Relator term | editor |
| 9 (RLIN) | 6517 |
| 245 10 - TITLE STATEMENT | |
| Title | Consensos y conflictos en la política tributaria de América Latina / |
| Statement of responsibility, etc. | editor Juan Carlos Gómez Sabaini, Juan Pablo Jiménez y Ricardo Martner |
| 260 ## - PUBLICATION, DISTRIBUTION, ETC. | |
| Place of publication, distribution, etc. | Bogotá : |
| Name of publisher, distributor, etc. | Cepal Naciones Unidas Cooperación española, |
| Date of publication, distribution, etc. | 2017 |
| 300 ## - PHYSICAL DESCRIPTION | |
| Extent | 437 páginas ; |
| Dimensions | 22 cm. |
| 490 0# - SERIES STATEMENT | |
| Series statement | Desarrollo económico ; |
| Volume/sequential designation | 142 |
| 505 0# - FORMATTED CONTENTS NOTE | |
| Formatted contents note | Los ingresos tributarios en América Latina -- La tributación y sus efectos sobre la desigualdad -- Tributación, crecimiento e inversión -- Evasión tributaria e informalidad: los obstáculos principales -- Nuevos desafíos en materia tributaria |
| 520 3# - SUMMARY, ETC. | |
| Summary, etc. | En este libro se destaca la importancia de la política tributaria como instrumento de desarrollo en los países de América Latina. A lo largo de esta publicación pueden identificarse una serie de consensos y conflictos que conviven en torno al diseño. |
| 650 14 - SUBJECT ADDED ENTRY--TOPICAL TERM | |
| Topical term or geographic name entry element | Impuestos |
| Geographic subdivision | América Latina |
| 9 (RLIN) | 6518 |
| 650 14 - SUBJECT ADDED ENTRY--TOPICAL TERM | |
| Topical term or geographic name entry element | Evasión de impuestos |
| Geographic subdivision | América Latina |
| 9 (RLIN) | 6519 |
| 650 14 - SUBJECT ADDED ENTRY--TOPICAL TERM | |
| Topical term or geographic name entry element | Evasión de impuestos |
| Geographic subdivision | Caribe (Región) |
| 9 (RLIN) | 6520 |
| 650 14 - SUBJECT ADDED ENTRY--TOPICAL TERM | |
| Topical term or geographic name entry element | Impuestos |
| Geographic subdivision | Caribe (Región) |
| 9 (RLIN) | 6521 |
| 650 14 - SUBJECT ADDED ENTRY--TOPICAL TERM | |
| Topical term or geographic name entry element | Política tributaria |
| Geographic subdivision | Caribe (Región) |
| 9 (RLIN) | 6522 |
| 700 1# - ADDED ENTRY--PERSONAL NAME | |
| Personal name | Jiménez, Juan Pablo, |
| Relator term | editor |
| 9 (RLIN) | 6523 |
| 700 1# - ADDED ENTRY--PERSONAL NAME | |
| Personal name | Martner, Ricardo, |
| Relator term | editor |
| 9 (RLIN) | 6524 |
| 942 ## - ADDED ENTRY ELEMENTS (KOHA) | |
| Source of classification or shelving scheme | Dewey Decimal Classification |
| Koha item type | Books |
| Withdrawn status | Lost status | Source of classification or shelving scheme | Damaged status | Not for loan | Collection code | Home library | Current library | Date acquired | Source of acquisition | Cost, normal purchase price | Total Checkouts | Full call number | Barcode | Date last seen | Copy number | Koha item type |
|---|---|---|---|---|---|---|---|---|---|---|---|---|---|---|---|---|
| Dewey Decimal Classification | Non-fiction | Biblioteca Pública José María del Castillo y Rada | Biblioteca Pública José María del Castillo y Rada | 12/01/2017 | Donación | 0.00 | 336.20 / G633c | 201809079 | 05/16/2024 | Ej.1 | Books |